Manual de Investigación en ciencias sociales

Bibliographic Details
Main Author: Quivy, Raymond
Format: Section = Libro
Language:Undetermined
Spanish
Published: México Lexus Editores 2008
Subjects:
LEADER 00488nam a2200181Ia 4500
008 240830s9999 xx 000 0 und d
020 |a 978-968-18-4355-7 
040 |a B-ESTELÍ- RUACS / 300 Q89m 
041 |a spa 
082 |a 300 Q89m  
100 1 |a Quivy, Raymond 
245 1 0 |a Manual de Investigación en ciencias sociales 
260 |a México  |b Lexus Editores  |c 2008 
300 |a 272 p:il 
650 7 |a INVESTIGACIÓN-CIENCIAS SOCIALES 
942 |c BK  |2 ddc 
991 |a TEXTO 
999 |c 10648